000 00643nam a2200241Ia 4500
003 OSt
005 20220918203043.0
006 a|||||r|||| 00| 0
007 ta
008 220917b |||||||| |||| 00| 0 eng d
024 _a105,691
037 _cTextual
040 _aARTS
_cARTS
_beng
041 _2eng
_aeng
082 _aV3:221wM52, G2.1-G2.2
100 _aSpender
_9106548
245 0 _aLife of Herbert Henry Asquith, Lord Oxford and Asquith
260 _c1932
650 _aHISTORY
700 _a Asquith
_9106549
942 _hV3:221wM52, G2.1-G2.2
_cTEXL
_2CC
999 _c229050
_d229050